Problemas de química

Salvato in:
Dettagli Bibliografici
Autore principale: Sienko, Michell J (Autore)
Natura: Libro
Lingua:spagnolo
Pubblicazione: Barcelona Reverté 1980
Serie:Reverté de Problemas
Soggetti:
Tags: Aggiungi Tag
Nessun Tag, puoi essere il primo ad aggiungerne!!

MARC

LEADER 00000nam a2200000 a 4500
001 UCV3944
003 CL-VaPUC
008 880906e19800000SP |||||||||||||||||spa|d
082 0 4 |a 540.76  |b SIE  |2 21 
100 0 |a Sienko, Michell J  |e author  |9 298331 
245 1 0 |a Problemas de química 
300 |a 380 p 
942 |c BK 
945 |d 19880906 00:00:00 
260 |a Barcelona  |b Reverté  |c 1980 
650 0 |a Química  |9 259896 
650 0 |a Problemas, ejercicios, etc  |9 259377 
583 |a last modification  |c 20120924 13:44:05  |k Rodrigo Vera 
490 0 |a Reverté de Problemas 
999 |c 211022  |d 211020 
952 |0 0  |1 0  |4 0  |6 540_760000000000000_SIE_1980  |7 0  |8 A  |9 188389  |a BIBCUR  |b BIBCUR  |d 2019-11-14  |i 3125009  |o 540.76 SIE 1980  |p 3125009  |r 2025-04-22  |w 2019-11-14  |y BK  |k BCB 
952 |0 0  |1 0  |4 0  |6 540_760000000000000_SIE_1980  |7 0  |8 A  |9 188390  |a BIBCUR  |b BIBCUR  |d 2019-11-14  |i 3125017  |o 540.76 SIE 1980  |p 3125017  |r 2025-04-22  |w 2019-11-14  |y BK  |k BCB 
952 |0 0  |1 0  |4 0  |6 540_760000000000000_SIE_1980  |7 0  |8 A  |9 188391  |a BIBCUR  |b BIBCUR  |d 2019-11-14  |i 3125041  |o 540.76 SIE 1980  |p 3125041  |r 2025-04-22  |w 2019-11-14  |y BK  |k BCB 
952 |0 0  |1 0  |4 0  |6 540_760000000000000_SIE_1980  |7 0  |8 A  |9 188392  |a BIBCUR  |b BIBCUR  |d 2019-11-14  |i 3128059  |o 540.76 SIE 1980  |p 3128059  |r 2025-04-22  |w 2019-11-14  |y BK  |k BCB 
952 |0 0  |1 0  |4 0  |6 540_760000000000000_SIE_1980  |7 0  |8 A  |9 188393  |a BIBCUR  |b BIBCUR  |d 2019-11-14  |i 3128067  |o 540.76 SIE 1980  |p 3128067  |r 2025-04-22  |w 2019-11-14  |y BK  |k BCB 
952 |0 0  |1 0  |4 0  |6 540_760000000000000_SIE_1980  |7 0  |8 A  |9 188394  |a BIBCUR  |b BIBCUR  |d 2019-11-14  |i 3128083  |o 540.76 SIE 1980  |p 3128083  |r 2025-04-22  |w 2019-11-14  |y BK  |k BCB 
952 |0 0  |1 0  |4 0  |6 540_760000000000000_SIE_1980  |7 0  |8 A  |9 188395  |a BIBCUR  |b BIBCUR  |d 2019-11-14  |i 3127788  |o 540.76 SIE 1980  |p 3127788  |r 2025-04-22  |w 2019-11-14  |y BK  |k BCB 
952 |0 0  |1 0  |4 0  |6 540_760000000000000_SIE_1980  |7 0  |8 A  |9 188397  |a BIBCUR  |b BIBCUR  |d 2019-11-14  |i 1783947  |o 540.76 SIE 1980  |p 1783947  |r 2025-04-22  |w 2019-11-14  |y BK  |k BCB